|
|
|
|
| LEADER |
00918nam a22002412a 4500 |
| 001 |
001338070 |
| 003 |
CZ BrMZK |
| 005 |
20131021125403.0 |
| 007 |
ta |
| 008 |
131021s1966 au af er|||||||||||ger d |
| 040 |
|
|
|a BOA001
|b cze
|
| 041 |
1 |
|
|a ger
|h cze
|
| 080 |
9 |
|
|a 908.437(022)=3
|
| 100 |
1 |
|
|a Tučková, Anna,
|d 1923-2012
|7 jk01140333
|4 aut
|4 wfw
|
| 245 |
1 |
0 |
|a Tschechoslowakei :
|b Prag, Böhmen, Mähren, und die Slowakei /
|c den Begleittext verfaste. A. Tučková ; Übersetzung [z češ.] ins. Deutsch: G. Solar ; Holzschnitte von Zdeněk Mézl ; Fot.: [kol.]
|
| 260 |
|
|
|a Wien :
|b A. Schroll,
|c 1966
|
| 300 |
|
|
|a [16] s., 64 s. fot. příl. :
|b il. ;
|c 8°
|
| 490 |
1 |
|
|a Europas Ferienstrassen ;
|v Band 31
|
| 830 |
|
0 |
|a Europas Ferienstrassen
|
| 910 |
|
|
|a BOA001
|b 2-0560.131
|
| 990 |
|
|
|a BK
|
| 991 |
|
|
|b 201310
|
| 996 |
6 |
|
|b 2619025256
|c 2-0560.131
|l Sklad H1
|r Sklad / do 24 hodin
|n 0
|h HS212
|w 001372908
|u 000010
|a 1
|e BOA001
|j MZK50
|s P
|